[Event "Cheliabinsk-ch"]
[Site "Cheliabinsk"]
[Date "2011.03.04"]
[Round "7"]
[White "Arkhipenko, Daniil"]
[Black "Fesenko, Vitaly"]
[Result "1/2-1/2"]
[WhiteElo "2155"]
[BlackElo "2219"]
[PlyCount "60"]
[EventDate "2011.02.26"]
[EventType "swiss"]
[EventRounds "9"]
[EventCountry "RUS"]
[SourceTitle "CBM 141 Extra"]
[Source "ChessBase"]
[SourceDate "2011.05.03"]
[SourceVersion "1"]
[SourceVersionDate "2011.05.03"]
[SourceQuality "1"]

1. d4 Nf6 2. c4 g6 3. Nc3 Bg7 4. e4 d6 5. h3 0-0 6. Nf3 c5 7. Be3 cxd4 8. Nxd4 a6 9. Be2 Nbd7 10. Nb3 b6 11. 0-0 Bb7 12. f3 Rc8 13. Rc1 Nh5 14. Qd2 Ng3 15. Rfd1 Nxe2+ 16. Qxe2 Re8 17. a4 Nc5 18. Qc2 Qc7 19. a5 Nxb3 20. Qxb3 bxa5 21. Na4 Bc6 22. Nb6 Rb8 23. c5 dxc5 24. Bxc5 Bh6 25. Rc3 Red8 26. Rxd8+ Qxd8 27. Bf2 a4 28. Qc2 Rxb6 29. Rxc6 Rxc6 30. Qxc6 Qd1+ 1/2-1/2

[Event "Cheliabinsk-ch"]
[Site "Cheliabinsk"]
[Date "2011.02.27"]
[Round "2"]
[White "Fesenko, Vitaly"]
[Black "Sultanov, Ruslan"]
[Result "1-0"]
[WhiteElo "2219"]
[BlackElo "2050"]
[PlyCount "33"]
[EventDate "2011.02.26"]
[EventType "swiss"]
[EventRounds "9"]
[EventCountry "RUS"]
[SourceTitle "CBM 141 Extra"]
[Source "ChessBase"]
[SourceDate "2011.05.03"]
[SourceVersion "1"]
[SourceVersionDate "2011.05.03"]
[SourceQuality "1"]

1. e4 e5 2. Nf3 Nc6 3. Bb5 f5 4. Nc3 fxe4 5. Nxe4 Nge7 6. d4 d5 7. Nc3 exd4 8. Qxd4 Qd6 9. 0-0 Bd7 10. Bxc6 Qxc6 11. Re1 Be6 12. Bg5 Bf7 13. Ne5 Qb6 14. Qa4+ c6 15. Nxf7 Kxf7 16. Qf4+ Ke8 17. Rxe7+ 1-0

[Event "Cheliabinsk Panchenko Memorial 2nd"]
[Site "Cheliabinsk"]
[Date "2010.10.12"]
[Round "9"]
[White "Povolotsky, Evgeny"]
[Black "Fesenko, Vitaly"]
[Result "0-1"]
[WhiteElo "1971"]
[BlackElo "2198"]
[PlyCount "70"]
[EventDate "2010.10.04"]
[EventType "swiss"]
[EventRounds "9"]
[EventCountry "RUS"]
[SourceTitle "EXT 2011"]
[Source "ChessBase"]
[SourceDate "2010.11.26"]
[SourceVersion "1"]
[SourceVersionDate "2010.11.26"]
[SourceQuality "1"]

1. e4 c5 2. Nf3 e6 3. d4 cxd4 4. Nxd4 a6 5. Bd3 Qc7 6. 0-0 Nf6 7. Qe2 d6 8. c4 b6 9. Nc3 Bb7 10. Kh1 Nbd7 11. f4 Be7 12. b4 b5 13. Bd2 bxc4 14. Bxc4 0-0 15. Bd3 Rfe8 16. Rae1 g6 17. f5 exf5 18. exf5 Bf8 19. Qf2 Bg7 20. fxg6 hxg6 21. a4 Rxe1 22. Rxe1 Ng4 23. Qg1 Qb6 24. Nce2 Re8 25. a5 Qa7 26. b5 axb5 27. Bxb5 Rxe2 28. Rxe2 Bxd4 29. Qd1 Nde5 30. Be1 Qc5 31. Qa4 Nf2+ 32. Bxf2 Bxf2 33. Rd2 Qe3 34. Qd1 Ng4 35. Rd3 Qe5 0-1

[Event "Cheliabinsk Panchenko Memorial 2nd"]
[Site "Cheliabinsk"]
[Date "2010.10.05"]
[Round "2"]
[White "Galyamov, Danil"]
[Black "Fesenko, Vitaly"]
[Result "0-1"]
[WhiteElo "1804"]
[BlackElo "2198"]
[PlyCount "76"]
[EventDate "2010.10.04"]
[EventType "swiss"]
[EventRounds "9"]
[EventCountry "RUS"]
[SourceTitle "EXT 2011"]
[Source "ChessBase"]
[SourceDate "2010.11.26"]
[SourceVersion "1"]
[SourceVersionDate "2010.11.26"]
[SourceQuality "1"]

1. e4 c5 2. Nc3 a6 3. g3 b5 4. d3 Bb7 5. Bg2 g6 6. f4 Bg7 7. Nf3 d6 8. 0-0 e6 9. Rb1 Nc6 10. Be3 Nge7 11. Ne2 0-0 12. c3 a5 13. Nd2 Qc7 14. Qe1 Rac8 15. Qf2 Ba6 16. d4 cxd4 17. Nxd4 b4 18. c4 Qd7 19. Rfc1 Rfd8 20. b3 d5 21. Nxc6 Rxc6 22. cxd5 exd5 23. Rxc6 Qxc6 24. exd5 Nxd5 25. Bxd5 Qxd5 26. Nf3 Bb7 27. Rf1 Qe4 28. Kg2 Rd3 29. Re1 Bc3 30. Re2 h6 31. h4 h5 32. Kh2 Qxf3 33. Qxf3 Bxf3 34. Rf2 Rxe3 35. Kg1 Re1+ 36. Rf1 Bd4+ 37. Kh2 Rxf1 38. f5 Rh1# 0-1

[Event "Cheliabinsk Postovalov Memorial 4th"]
[Site "Cheliabinsk"]
[Date "2010.01.05"]
[Round "3"]
[White "Fesenko, Vitaly"]
[Black "Vyatkin, Dmitry"]
[Result "0-1"]
[WhiteElo "2221"]
[BlackElo "2374"]
[PlyCount "56"]
[EventDate "2010.01.04"]
[EventType "swiss"]
[EventRounds "9"]
[EventCountry "RUS"]
[SourceTitle "CBM 134 Extra"]
[Source "ChessBase"]
[SourceDate "2010.03.03"]
[SourceVersion "1"]
[SourceVersionDate "2010.03.03"]
[SourceQuality "1"]

1. e4 c5 2. Nf3 Nc6 3. Nc3 g6 4. d4 cxd4 5. Nxd4 Bg7 6. Be3 Nf6 7. Bc4 0-0 8. Bb3 d6 9. f3 Bd7 10. Qd2 Nxd4 11. Bxd4 b5 12. 0-0 a5 13. a4 b4 14. Nd5 Nxd5 15. Bxg7 Kxg7 16. Bxd5 Qb6+ 17. Kh1 Rac8 18. Rfe1 Qc5 19. Bb3 Be6 20. Bxe6 fxe6 21. Re2 Qe5 22. Rb1 Rc5 23. h3 Rfc8 24. f4 Qf6 25. e5 dxe5 26. Rxe5 Rxe5 27. fxe5 Qxe5 28. Re1 Rxc2 0-1

[Event "Cheliabinsk Kibizov Memorial 4th"]
[Site "Cheliabinsk"]
[Date "2009.06.25"]
[Round "5"]
[White "Fesenko, Vitaly"]
[Black "Tagintsev, Igor"]
[Result "1-0"]
[WhiteElo "2227"]
[BlackElo "1915"]
[PlyCount "69"]
[EventDate "2009.06.21"]
[EventType "swiss"]
[EventRounds "9"]
[EventCountry "RUS"]
[SourceTitle "EXT 2012"]
[Source "ChessBase"]
[SourceDate "2011.11.24"]
[SourceVersion "1"]
[SourceVersionDate "2011.11.24"]
[SourceQuality "1"]

1. e4 c5 2. Nc3 Nc6 3. Nf3 e6 4. d4 cxd4 5. Nxd4 a6 6. Be3 Nf6 7. g3 Bb4 8. Bg2 d5 9. exd5 Nxd5 10. Nxc6 bxc6 11. Bd2 0-0 12. 0-0 Rb8 13. a3 Nxc3 14. bxc3 Bc5 15. Bxc6 Bb7 16. Bxb7 Rxb7 17. Bf4 Qe7 18. a4 e5 19. Re1 f6 20. Be3 Kh8 21. Qd3 a5 22. Qd5 Rc8 23. Rad1 Rbc7 24. Rd3 e4 25. Bxc5 Rxc5 26. Rxe4 Qc7 27. Qe6 h6 28. Rd7 Qc6 29. Qf7 Rg5 30. Re8+ Kh7 31. Qg8+ Kg6 32. Rxg7+ Kh5 33. Rxg5+ fxg5 34. Qf7+ Kg4 35. f3+ 1-0

[Event "Cheliabinsk Kibizov Memorial 4th"]
[Site "Cheliabinsk"]
[Date "2009.06.21"]
[Round "1"]
[White "Fesenko, Vitaly"]
[Black "Pleshakov, Anton"]
[Result "1-0"]
[WhiteElo "2227"]
[BlackElo "1987"]
[PlyCount "55"]
[EventDate "2009.06.21"]
[EventType "swiss"]
[EventRounds "9"]
[EventCountry "RUS"]
[SourceTitle "EXT 2012"]
[Source "ChessBase"]
[SourceDate "2011.11.24"]
[SourceVersion "1"]
[SourceVersionDate "2011.11.24"]
[SourceQuality "1"]

1. e4 c5 2. Nf3 e6 3. d4 cxd4 4. Nxd4 Nc6 5. Nc3 a6 6. Be3 Nf6 7. g3 Bb4 8. Bg2 d5 9. exd5 Nxd5 10. Nxc6 bxc6 11. Bd2 0-0 12. 0-0 Ba5 13. Ne4 Bb6 14. c4 Ne7 15. Bb4 Qc7 16. Bd6 Qb7 17. Qb3 Re8 18. Rad1 Nf5 19. Be5 Qa7 20. Nd6 Nxd6 21. Rxd6 Bb7 22. Rd7 Rad8 23. Rxb7 Qxb7 24. c5 Rd7 25. Qxb6 Qxb6 26. cxb6 Rc8 27. Rc1 f6 28. Bc7 1-0